000 01078cam a22003377a 4500
003 CHAP
005 20220817043425.0
008 980317d1981 mx a r 00110 spa d
010 _a75013
011 _a75985
035 _a85559
040 _cCHAP
082 0 4 _a599.323
_bS3
100 0 0 _aSánchez Navarrete, Federico.
_9107727
245 1 0 _aRoedores y lagomorfos
_c/por Federico Sánchez Navarrete
260 0 _aMéxico, D. F. :
_bEl autor,
_c1981.
300 _a247 p. :
_bilus.
590 _aBATCH-UPD
_b10
_c20130110
_lUCH01
_h0321
590 _aBATCH-UPD
_b10
_c20130110
_lUCH01
_h2309
590 _aBATCH-UPD
_b10
_c20130409
_lUCH01
_h2354
590 _aBATCH-UPD
_b10
_c20130914
_lUCH01
_h1713
590 _aCONVERSION
_b10
_c20130109
_lUCH01
_h1341
650 1 4 _aLagomorfos.
650 1 4 _aRodenticidas.
_998242
650 1 4 _aRoedores.
_999027
901 _aBK
905 _aLilia Sánchez G.
942 _cLIBRO
949 _a599.323 S3
_bBC
_cLIBRO
_d33724000689329
_eLIBRO
_h92563
_i85559
_si
949 _a599.323 S3
_bBC
_cLIBRO
_d33724000689337
_eLIBRO
_fc.2
_h92564
_i85559
_si
999 _c75013
_d75013